STN EN ISO 11607-2: 2018 (85 6543), Obaly na zdravotnícke pomôcky sterilizované v konečnom obale Časť 2 Požiadavky validácie na procesy tvarovania, spájania a skladania (ISO 11607-2: 2006)

Táto norma je slovenskou verziou európskej normy EN ISO 11607-2: 2017. Preklad zabezpečil Úrad pre normalizáciu, metrológiu a skúšobníctvo Slovenskej republiky. Táto norma má rovnaké postavenie, ako majú oficiálne verzie

Podrobná bibliografia
Ďalší autori: Kočanová, Natália (Prekladateľ)
Médium: Kniha
Jazyk:slovenčina
angličtina
Fyzický popis:20 s. tab. 30 cm
Vydavateľské údaje: Bratislava Úrad pre normalizáciu, metrológiu a skúšobníctvo Slovenskej republiky 2018
Predmet:

MARC

LEADER 00000cam a2200000 a 4500
001 vtls011745917
003 SK-MaSNL
005 20260301182921.0
008 180313s2018 xo a f u 000 0 slo
015 |a SNBN2018 
040 |a SNK  |b slo  |c SNK  |e AACR2 
041 1 |a slo  |h eng 
044 |a xo  |c SK 
046 |a s  |m 20180301 (účin.) 
072 7 |a 614  |x Verejné zdravie a hygiena  |2 konspekt 
072 7 |a 615  |x Farmácia. Farmakológia  |2 konspekt 
080 |a 615.4  |2 20001 
080 |a 614.48  |2 2001 
080 |a (437.6)  |2 2001 
080 |a (4)  |2 2001 
080 |a 621.798  |2 2001 
080 |a (083)  |2 2011 
080 |a 006.7/.8  |2 2001 
084 |a 11.080.30  |2 ICS 
130 0 |a STN 85 6543 (STN EN ISO 11607-2)  |9 557448 
245 1 0 |a STN EN ISO 11607-2: 2018 (85 6543), Obaly na zdravotnícke pomôcky sterilizované v konečnom obale  |n Časť 2  |p Požiadavky validácie na procesy tvarovania, spájania a skladania (ISO 11607-2: 2006) 
246 1 0 |a Obaly na zdravotnícke pomôcky sterilizované v konečnom obale 
246 1 0 |a Požiadavky validácie na procesy tvarovania, spájania a skladania 
246 3 0 |a EN ISO 11607-2: 2017 SK 
260 |a Bratislava  |b Úrad pre normalizáciu, metrológiu a skúšobníctvo Slovenskej republiky  |c 2018 
300 |a 20 s.  |b tab.  |c 30 cm 
500 |a Súbežný názov v angličtine, francúzštine, nemčine 
500 |a Spracovateľ: CENISO Bratislava, Natália Kočanová 
500 |a Táto norma nahrádza anglickú verziu STN EN ISO 11607-2 z januára 2018, ktorá od 1.1.2018 nahradila STN EN ISO 11607-2 z apríla 2007 v celom rozsahu 
504 |a Normatívne referenčné dokumenty, súvisiace právne predpisy s. 2 ; literatúra s. 19 
520 8 |a Táto norma je slovenskou verziou európskej normy EN ISO 11607-2: 2017. Preklad zabezpečil Úrad pre normalizáciu, metrológiu a skúšobníctvo Slovenskej republiky. Táto norma má rovnaké postavenie, ako majú oficiálne verzie 
540 |a STN vydané na akomkoľvek nosiči sa môžu rozmnožovať a rozširovať iba so súhlasom určenej právnickej osoby  |b SÚTN Bratislava  |c zákon 264/1999 Z. z. 
650 0 7 |a zdravotnícke pomôcky  |2 SNKPH  |9 69209 
650 0 7 |a technické normy a štandardy  |z Slovensko  |2 SNKPH  |9 79594 
650 0 7 |a technické normy a štandardy  |z krajiny Európskej únie  |2 SNKPH  |9 289341 
650 0 7 |a sterilizácia (hygiena)  |2 SNKPH  |9 50524 
650 0 7 |a Medical supplies  |2 SNKPHeng  |9 306056 
650 0 7 |a Packaging  |2 SNKPHeng  |9 317142 
650 0 7 |a obalová technika  |2 SNKPH  |9 67815 
650 0 7 |a Sterilization  |2 SNKPHeng  |9 293096 
655 7 |a normy  |2 SNKPH  |9 70643 
700 1 |a Kočanová, Natália  |4 trl  |9 309870 
710 1 |a Slovensko.  |b Úrad pre normalizáciu, metrológiu a skúšobníctvo  |4 stn  |9 158117 
710 2 |a Slovenský ústav technickej normalizácie (Bratislava, Slovensko).  |b Technická komisia č. 102 Zdravotnícke pomôcky  |4 stn  |9 320965 
852 |a Štátna vedecká knižnica v Banskej Bystrici 
958 |a OP 
958 |a NB 
999 |c 855247  |d 857177 
952 |a SNK  |b SNK  |y PREZ  |7 0  |p 17A1322416  |o snkSTN EN ISO 11607-2  |i snk2018/6522  |8 0  |0 0  |1 0  |4 0  |d 2018-03-16  |l 0  |r 2026-02-24 04:54:31  |w 2026-02-24 
952 |a SNK  |b SNK  |y PREZ  |7 0  |p 17A1322417  |o snkSTN EN ISO 11607-2 D1  |i snk2018/6523  |8 0  |0 0  |1 0  |4 0  |d 2018-03-16  |l 0  |r 2026-02-24 04:54:31  |w 2026-02-24